000 01200nam0a2200313 4500
001 RU\NLR\BIBL_A\022154942
005 20240930151653.0
010 _a978-5-17-148228-2
_92000
021 _aRU
_bКН-П-24-004944
_9КН-П-24-0524
035 _a(NLR Aleph) 022154942
090 _a12903751
_c12903751
100 _a20240304d2023 u y0rusy50 ca
101 1 _arus
_ceng
102 _aRU
105 _aa z|||000yy
181 0 _ai
_baxxe
182 0 _an
200 1 _aОсознанность
_eподбери ключ к новой жизни и исцели мир вокруг
_fШерон Зальцберг
_gперевод с англ. С. Маслова
203 _aТекст
_bвизуальный
_cнепосредственный
210 _aМосква
_cАСТ
_cКладезь
_d2023 (макет 2024)
215 _a287 с.
_d21
225 1 _aКлюч к тайнам
606 1 _aМедитация
_jПопулярные издания
_91261607
_3RU\NLR\AUTH\66200516
686 1 _aЮ969.1я9
700 1 _aЗальцберг
_bШ.
_gШерон
942 _cBOOK
980 _aNB